| 000 | 00896nam0a22002771 4500 | ||
|---|---|---|---|
| 001 | rc\4550357 | ||
| 005 | 20250612114428.0 | ||
| 021 |
_aRU _b[60-50633] |
||
| 035 | _a(NLR Aleph) 008640903 | ||
| 090 |
_a8941580 _c8941580 |
||
| 100 | _a20130416d1960 |||y0rusy50 ca | ||
| 101 | 0 | _arus | |
| 102 | _aRU | ||
| 105 | _ay z ||||| | ||
| 200 | 1 | _aЗа мир на Балканах! | |
| 210 |
_aМосква _cИзд-во ИМО _d1960 |
||
| 215 |
_a92 с. _d22 |
||
| 606 |
_aДвижение сторонников мира _2psbo |
||
| 606 |
_aБалканские страны _2psbo |
||
| 700 | 1 |
_aЛебедев _bН. И. _cд-р ист. наук, междунар. отношения _f1925- _gНиколай Иванович _9228196 _3RU\NLR\AUTH\770228252 |
|
| 801 | 0 |
_aRU _bNLR _gpsbo |
|
| 801 | 1 |
_aRU _bELAR _2rusmarc |
|
| 852 |
_aNLR _j60-6/6061 |
||
| 942 | _cBOOK | ||
| 980 | _aNB | ||